Normal view
MARC view
- Perwaiz, Aqib
Entry Personal Name
001 - CONTROL NUMBER
- control field: 18596
003 - CONTROL NUMBER IDENTIFIER
- control field: NUST
005 - DATE AND TIME OF LATEST TRANSACTION
- control field: 20190726043328.0
008 - FIXED-LENGTH DATA ELEMENTS
- fixed length control field: 190726|| aca||aabn | a|a d
040 ## - CATALOGING SOURCE
- Original cataloging agency: NUST
- Transcribing agency: NUST
100 ## - HEADING--PERSONAL NAME
- Personal name: Perwaiz, Aqib
670 ## - SOURCE DATA FOUND
- Source citation: Work cat.: (NUST): Perwaiz, Aqib, Optimized Implementation Across Slice Fabric on FPGA /, 2013.
